| 000 | 00654nam a2200229Ia 4500 | ||
|---|---|---|---|
| 003 | OSt | ||
| 005 | 20220918225046.0 | ||
| 006 | a|||||r|||| 00| 0 | ||
| 007 | ta | ||
| 008 | 220917b |||||||| |||| 00| 0 eng d | ||
| 024 | _a236,425 | ||
| 037 | _cTextual | ||
| 040 |
_aARTS _cARTS _beng |
||
| 041 |
_2eng _aeng |
||
| 082 | _aU8.2.D6, N3 | ||
| 100 | _aBeal Samuel | ||
| 245 | 0 | _aTravels of Fah-Hian and Sung-Yun buddhist pilgrims from China to India | |
| 260 |
_aNew Delhi _bAsian Educational Services India _c1993 |
||
| 650 |
_aGEOGRAPHY; TRAVEL _920642 |
||
| 942 |
_hU8.2.D6, N3 _cTEXL _2CC |
||
| 999 |
_c283289 _d283289 |
||